7 vrai ou faux dans Harry Potter - Statistiques

Statistiques générales
  • Ce quiz a été pris 4 161 fois
  • Le résultat moyen est 4 sur 7
Statistiques - réponses
Question Réponse % Correct
Lorsque Harry prend du polynectar dans La chambre des secrets, il se transforme en Goyle Vrai
79%
Harry Potter peut parler fourchelangue depuis sa naissance. Faux
55%
Drago rencontre Harry Potter pour la première fois dans un magasin sur le Chemin de Traverse. Vrai
54%
La confiture de fraise était la préférée d'Albus Dumbledore. Faux
48%
L'entrée de la salle commune des Gryffondors se trouve au 5ème étage. Vrai
46%
Le grenier des Weasley contient une gargouille. Faux
44%
Luna Lovegood rencontre Harry, Ron et Hermione lors de sa quatrième année à Poudlard. Vrai
44%
Aucun quiz correspondant
Distribution des résultats
% des personnes avec chaque résultat
Percentile par nombre de réponses
Votre historique - résultats
Vous n’avez pas pris ce quiz